Online Public Access Catalog -OPAC

Report of a Working Group on Allium: (Record no. 6080)

MARC details
000 -LEADER
fixed length control field 00478nam a2200109Ia 4500
008 - FIXED-LENGTH DATA ELEMENTS--GENERAL INFORMATION
fixed length control field 180412s9999||||xx |||||||||||||| ||und||
040 ## - CATALOGING SOURCE
Original cataloging agency Ahmadu Bello University Library - Zaria
100 ## - MAIN ENTRY--PERSONAL NAME
Personal name IBPGR
245 #0 - TITLE STATEMENT
Title Report of a Working Group on Allium:
Statement of responsibility, etc. INTERNATIONAL BOARD FOR PLANT GENETIC RES0URCES
260 ## - PUBLICATION, DISTRIBUTION, ETC.
Name of publisher, distributor, etc. IBPGR
Date of publication, distribution, etc. 1992
300 ## - PHYSICAL DESCRIPTION
Extent 29P
500 ## - GENERAL NOTE
General note Report of a working group on allium: (Fourth Meeting) held at Institute for genetic and kulturpflanzenforschung Gatersleben, Germany 10 and 14 June 1991.

No items available.

Customized by ICT Technical Service Unit on 29th Dec 2022

Kashim Ibrahim Library